Střípky z historie centrálních bank afrických zemí

Afrika je doposiaľ ovplyvnená svojou koloniálnou minulosťou. Aj v afrických štátoch pôsobia centrálne banky. História a súčasnosť daných bánk v Demokratickej republike Kongo, Etiópii a Juhoafrickej republike.

Gespeichert in:
Bibliographische Detailangaben
1. Verfasser: Kalabis, Zbyněk
Format: Buchkapitel
Sprache:Tschechisch
Schlagworte:
Tags: Tag hinzufügen
Keine Tags, Fügen Sie das erste Tag hinzu!

MARC

LEADER 00000naa a2200000 4500
001 0259902
005 20221104110623.8
041 0 |a cze 
044 |a CZ 
245 1 0 |a Střípky z historie centrálních bank afrických zemí  |c Zbyněk Kalabis 
520 |a Afrika je doposiaľ ovplyvnená svojou koloniálnou minulosťou. Aj v afrických štátoch pôsobia centrálne banky. História a súčasnosť daných bánk v Demokratickej republike Kongo, Etiópii a Juhoafrickej republike. 
610 2 0 |a história 
610 2 0 |a banky centrálne 
610 2 0 |a Kongo 
610 2 0 |a Etiópia 
610 2 0 |a Juhoafrická republika 
100 1 |a Kalabis, Zbyněk